Estadísticas para Equipos de la Kings League

Haz click aquí para intentar la prueba.

Estadísticas generales

  • Esta prueba ha sido intentada 32 veces
  • La puntuación promedio es 10 de 12

Estadísticas de respuestas

Equipo% Correcto
Porcinos
97%
Aniquiladores
90%
El Barrio
90%
1K
86%
Los Troncos
86%
Rayo de Barcelona
86%
Saiyans
86%
Xbuyer Team
83%
Jijantes
79%
Pio FC
79%
Ultimate Móstoles
79%
Kunisports
66%

Distribución de puntuación

Porcentaje por número respondido

Porcentaje de gente con cada puntuación

Historial de tus puntuaciones

No has intentado esta prueba.